| 000 | 00000nas##2200000za#4500 |
| 001 | 9.512419 |
| 003 | CaOODSP |
| 005 | 20220328113234 |
| 007 | ta |
| 008 | 150406c2002||||xxc|| p #||||f| |0fre|d |
| 040 | |aCaOODSP|bfre |
| 041 | |aeng |
| 041 | |afre |
| 043 | |an-cn--- |
| 086 | 1 |aIu61-2 |
| 110 | 1 |aCanada. |bIndustrie Canada. |
| 245 | 10|aPrix du Premier ministre pour excellence en éducation de la petite enfance. Lignes directrices et formulaire de mise en candidature |
| 260 | |aOttawa - Ontario : |bIndustrie Canada |
| 310 | |aAnnuel |
| 520 | 3 |aRendent hommage aux éducateurs qui, par leur dévouement et leurs compétences, donnent aux enfants un bon départ qui les aide à réussir à l'école. |
| 776 | 0#|tPrix du Premier ministre pour l'excellence en éducation de la petite enfance. |w(CaOODSP)9.502517 |
| 776 | 0#|tPrime Minister's Awards for Excellence in Early Childhood Education. |w(CaOODSP)9.506115 |
| 791 | |tPrime Minister's Awards for Excellence in Early Childhood Education. Guidelines and nomination form |eeng|w(CaOODSP)9.512418 |